00818nam a2200241 i 450000100060000000300090000600500170001500700030003200800410003502000180007610000200009424501290011425000260024326000550026930000220032449000560034665000230040265000290042570000180045470000270047283000560049985200210055521479ES-MaACL20250901073940.0t|021126s1982 mx |||| | spa d a968-16-1265-51 aAlbert, Pierre.10aHistoria de la radio y la televisión / cpor Pierre Albert y André-Jean Tudesq ; [traducción de Diana Irene Galak C.]. a1ª ed. en español. aMéxico : bFondo de Cultura Económica, c1982. a176 p. ; c18 cm.1 aBreviarios del Fondo de Cultura Económica ; v338 7aRadio-vHistoria2 4aTelevisión-vHistoria.1 aTudesq, A.-J.1 aGalak C., Diana Irene.0 aBreviarios del Fondo de Cultura Económica ; v338 aES-MaACLjL-8435